Personnages de Merlin L'enchanteur - Statistiques

Statistiques générales
  • Ce quiz a été pris 37 fois
    23 depuis la dernière actualisation
  • Le résultat moyen est 4 sur 10
Statistiques - réponses
Personnages % Correct
Arthur
89%
Merlin
84%
Kay
42%
Madame Mim
42%
Archimède
37%
Seigneur Hector
26%
Seigneur Pélinore
26%
Le Loup
11%
Chevalier Noir
5%
La Cuisinière
5%
Aucun quiz correspondant
Distribution des résultats
% des personnes avec chaque résultat
Percentile par nombre de réponses
Votre historique - résultats
Vous n’avez pas pris ce quiz depuis la dernière actualisation